| 000 | 02473cam a2200337 i 4500 | ||
|---|---|---|---|
| 003 | SA-RiAUC | ||
| 005 | 20241201133222.0 | ||
| 008 | 241128s1995 le g 000 0 ara c | ||
| 024 | 0 | _a00000000974866 | |
| 040 |
_aIQ-KaIHL _bara _cSA-RiAUC. _dAE-DuMBRL _erda |
||
| 043 | _af-mr--- | ||
| 050 | 4 | _bT35 1995 | |
| 082 | 0 | 4 |
_a230.90 _qSA-RiAUC |
| 090 |
_a230.90 _b ت ل ي |
||
| 100 | 1 |
_aالتليدي، محمد بن عبد الله _eمؤلف. |
|
| 245 | 1 | 0 |
_aتراث المغاربة في الحديث النبوي وعلومه / _cتأليف محمد بن عبد الله التليدي. |
| 250 | _aالطبعة الأولى. | ||
| 264 | 1 |
_aبيروت : _bدار البشائر الإسلامية، _c1995. |
|
| 300 |
_a399 صفحة ؛ _c24 × 17 سم |
||
| 336 |
_aنص _btxt _2rdacontent _3كتاب |
||
| 337 |
_aبدون وسيط _bn _2rdamedia |
||
| 338 |
_aمجلد _bnc _2rdacarrier |
||
| 520 | _aيتناول كتاب (تراث المغاربة في الحديث النبوي وعلومه) والذي قام بتأليفه محمد بن عبد الله التليدي، موضوع (تراث المغاربة في الحديث النبوي وعلومه) هذا الكتاب التي أعده هذا المؤلف يعكس نوعية المدرسة التي ينتمي لها هذا الشيخ الشاب، إنها المدرسة التي لا تعرف للمعرفة حدودا، ولذلك نراه من خلال ما قدم، كثير الإطلاع دقيق الملاحظة، صيادا ماهرا للفائدة، وقد ذكر في كتابه هذا نحو 1213 كتابا للحديث الشريف وعلومه، لجمهرة كبيرة من علماء المغرب الإسلامي، وفيهم عدد غير مشهور لدى علماء المشرق، استخراجها من عدة كتب مطبوعة ومخطوطة، قديمة وحديثة، ومعاصرة، وقد أضاف توضيحات مفيدة في تعليقاته الكثيرة على عنوان الكتاب. | ||
| 650 | 7 |
_aعلم الحديث _zالمغرب _vببليوجرافيات _2aucsh |
|
| 650 | 7 |
_aعلم الحديث _zالمغرب _xتاريخ _2aucsh |
|
| 650 | 7 |
_aالتراث المغربي _2aucsh |
|
| 650 | 7 |
_aالحديث _vببليوجرافيات _2aucsh |
|
| 942 |
_2ddc _cBOOK _n0 |
||
| 949 |
_aSA-JeALM _d241128 _uosman123 _n1 |
||
| 999 |
_c2893 _d2893 |
||